[Event "10. Lichtenberger Sommer"]
[Site "Berlin"]
[Date "2011.08.14"]
[Round "3.1"]
[White "Rabiega, Robert"]
[Black "Amelang, Thomas"]
[Result "1/2-1/2"]
[WhiteElo "2507"]
[BlackElo "2152"]
[PlyCount "120"]
[EventDate "2011.??.??"]
[WhiteTeam "SK König Tegel 1949 e.V."]
[BlackTeam "SK Siemens München"]

1. e4 d6 2. d4 Nf6 3. Bd3 e5 4. c3 d5 5. dxe5 Nxe4 6. Nf3 Nc5 7. Bc2 Bg4 8. O-O
Nc6 9. Re1 a5 10. Bf4 Qd7 11. Nbd2 Be7 12. Qb1 Ne6 13. Bg3 g6 14. h3 Bxf3 15.
Nxf3 O-O 16. Rd1 Ncd8 17. Be4 c6 18. c4 d4 19. Qc2 b6 20. h4 Nb7 21. h5 Kg7 22.
Bh4 Bxh4 23. Nxh4 Nf4 24. h6+ Kg8 25. g3 Ne6 26. Nf3 Nbc5 27. Nh2 f5 28. exf6
Ng5 29. Bg2 Rxf6 30. Qd2 Nge4 31. Qxd4 Rd6 32. Qg7+ Qxg7 33. hxg7 Kxg7 34. Rxd6
Nxd6 35. Bxc6 Rc8 36. Bd5 Re8 37. Kf1 Nde4 38. Kg2 Nd2 39. Nf3 Nxf3 40. Kxf3
Nd3 41. Rd1 Rf8+ 42. Ke3 Nxb2 43. Rb1 Re8+ 44. Kd2 Na4 45. Bc6 Rd8+ 46. Ke3 Nc5
47. Bd5 Rd6 48. Kd4 Kf6 49. Re1 Rd8 50. f4 h5 51. Re5 Rh8 52. Ke3 Rd8 53. Kf3
Rh8 54. a3 Rd8 55. Rg5 Re8 56. Bc6 Re1 57. Kf2 Re6 58. Bd5 Re8 59. Bc6 Re6 60.
Bd5 Re8 1/2-1/2

[Event "10. Lichtenberger Sommer"]
[Site "Berlin"]
[Date "2011.08.14"]
[Round "3.2"]
[White "Kollberg, Lothar"]
[Black "Franco Alonso, Alejandro"]
[Result "0-1"]
[WhiteElo "2237"]
[BlackElo "2452"]
[PlyCount "104"]
[EventDate "2011.??.??"]
[WhiteTeam "SC Rotation Pankow e.V."]
[BlackTeam "Gros Xake Taldea"]

1. d4 Nf6 2. c4 e6 3. Nc3 Bb4 4. e3 b6 5. Nge2 c5 6. a3 Ba5 7. Bd2 O-O 8. Nf4
cxd4 9. exd4 Bxc3 10. Bxc3 d5 11. cxd5 Nxd5 12. Nxd5 Qxd5 13. Be2 Bb7 14. Bf3
Qd7 15. O-O Bd5 16. Bxd5 Qxd5 17. Qe2 Nc6 18. Rad1 Rfd8 19. h4 Rd7 20. Rfe1
Rad8 21. a4 h6 22. Qg4 h5 23. Qe2 Ne7 24. g3 Nc6 25. Rd2 Qf5 26. Qc4 Qd5 27.
Qe2 Ra8 28. Qa6 g6 29. Kh2 Ne7 30. Re5 Qb7 31. Qe2 Rd5 32. g4 hxg4 33. Qxg4 Kg7
34. Rd3 Rh8 35. Rh3 Rxe5 36. dxe5 Rh5 37. Rg3 Kh7 38. Qf4 Nf5 39. Rh3 Qd5 40.
Qb4 Kg8 41. Qf4 Qd8 42. Kg1 Nxh4 43. Qe4 Nf5 44. Rd3 Qg5+ 45. Kf1 Qc1+ 46. Be1
Kg7 47. b3 Qb1 48. Ke2 Rh4 49. Qf3 Nd4+ 50. Rxd4 Rxd4 51. Qf6+ Kg8 52. Bd2 Qd3+
0-1

[Event "10. Lichtenberger Sommer"]
[Site "Berlin"]
[Date "2011.08.14"]
[Round "3.3"]
[White "Fischer, Daniel"]
[Black "Von Herman, Ulf"]
[Result "0-1"]
[WhiteElo "2109"]
[BlackElo "2421"]
[PlyCount "40"]
[EventDate "2011.??.??"]
[WhiteTeam "SK Oberkirch"]
[BlackTeam "SK König Tegel 1949 e.V."]

1. c4 g6 2. g3 Bg7 3. Bg2 c5 4. Nc3 Nc6 5. Nf3 b6 6. O-O Bb7 7. a3 d6 8. d3
Bxc3 9. bxc3 Qd7 10. Ne1 h5 11. h4 Na5 12. e4 e6 13. Bg5 f6 14. Be3 O-O-O 15.
Bh3 Qe7 16. f4 f5 17. e5 Nh6 18. Nf3 Nf7 19. Qe2 Ba6 20. Rfd1 Rd7 0-1

[Event "10. Lichtenberger Sommer"]
[Site "Berlin"]
[Date "2011.08.14"]
[Round "3.4"]
[White "Kalinitschew, Sergey"]
[Black "Schleich, Theodor"]
[Result "1-0"]
[WhiteElo "2431"]
[BlackElo "2120"]
[PlyCount "21"]
[EventDate "2011.??.??"]
[WhiteTeam "SC Kreuzberg e.V."]
[BlackTeam "FC Bayern München e.V."]

1. c4 b6 2. Nc3 Bb7 3. e4 e6 4. Nge2 Ne7 5. d4 f5 6. e5 Ng6 7. h4 Nxh4 8. Nf4
Be7 9. d5 Bg5 10. Qh5+ Kf8 11. Nxe6+ 1-0

[Event "10. Lichtenberger Sommer"]
[Site "Berlin"]
[Date "2011.08.14"]
[Round "3.5"]
[White "Hein, Erwin"]
[Black "Klundt, Klaus"]
[Result "1/2-1/2"]
[WhiteElo "2145"]
[BlackElo "2377"]
[PlyCount "177"]
[EventDate "2011.??.??"]
[WhiteTeam "Freier Sportverein von 1898 Dort"]
[BlackTeam "SC Heusenstamm"]

1. d4 d5 2. Nf3 Nf6 3. c4 c6 4. Nc3 e6 5. Bg5 h6 6. Bxf6 Qxf6 7. e3 Nd7 8. Qc2
g6 9. Be2 Bg7 10. O-O O-O 11. b4 dxc4 12. Bxc4 e5 13. Ne4 Qe7 14. Nc5 exd4 15.
exd4 Nb6 16. Rfe1 Qc7 17. Ne5 Bf5 18. Qb3 Nxc4 19. Qxc4 Rad8 20. b5 cxb5 21.
Qxb5 Rxd4 22. Rac1 Bxe5 23. Ne6 Bxh2+ 24. Kh1 Qd6 25. Nxd4 Qxd4 26. Kxh2 Qxf2
27. Qxb7 Rd8 28. Qc7 Qh4+ 29. Kg1 Qd4+ 30. Kh1 Be6 31. Re4 Qd5 32. Rce1 Rc8 33.
Qxa7 Rc2 34. Qb8+ Kh7 35. Qg3 Bf5 36. Re5 Qxa2 37. Rxf5 gxf5 38. Re8 Qa1+ 39.
Kh2 Qg7 40. Re7 Qxg3+ 41. Kxg3 Kg6 42. Ra7 Rc3+ 43. Kf4 Rc4+ 44. Kf3 h5 45. Ra8
Kg5 46. Rg8+ Kf6 47. Rh8 h4 48. Rg8 Ra4 49. Rh8 Rg4 50. Rh6+ Kg5 51. Rh7 Rf4+
52. Ke3 Kg6 53. Rh8 Rg4 54. Kf3 Kf6 55. Rh7 Ke6 56. Rh8 Ke5 57. Re8+ Kf6 58.
Rh8 Rb4 59. Rh7 Ke5 60. Rxf7 Rb3+ 61. Kf2 Kf4 62. Ra7 h3 63. Ra4+ Kg5 64. gxh3
Rxh3 65. Ra8 Kg4 66. Ra4+ f4 67. Kg2 Rb3 68. Ra8 Rb2+ 69. Kg1 Kg3 70. Rg8+ Kf3
71. Ra8 Rb1+ 72. Kh2 Re1 73. Ra3+ Kf2 74. Ra8 f3 75. Ra3 Re8 76. Ra2+ Re2 77.
Ra3 Rd2 78. Ra1 Ke3+ 79. Kg1 Ke2 80. Rb1 Ke3 81. Rb3+ Kf4 82. Rb8 Re2 83. Kf1
Re5 84. Kf2 Re2+ 85. Kf1 Rc2 86. Rf8+ Ke3 87. Re8+ Kd3 88. Rd8+ Ke3 89. Re8+
1/2-1/2

[Event "10. Lichtenberger Sommer"]
[Site "Berlin"]
[Date "2011.08.14"]
[Round "3.7"]
[White "Schulz, Hartmut"]
[Black "Muse, Drazen"]
[Result "0-1"]
[WhiteElo "2098"]
[BlackElo "2381"]
[PlyCount "96"]
[EventDate "2011.??.??"]
[WhiteTeam "SC Rotation Pankow e.V."]
[BlackTeam "SK König Tegel 1949 e.V."]

1. d4 d6 2. Nf3 Nf6 3. c4 g6 4. Nc3 Bg7 5. e4 O-O 6. Be2 c6 7. O-O e5 8. Re1
exd4 9. Nxd4 Re8 10. Bf1 Ng4 11. Nf3 Qb6 12. Qc2 Na6 13. Na4 Qd8 14. Bg5 Qc7
15. Rad1 Ne5 16. Nd4 Nc5 17. Nc3 a5 18. b3 Qb6 19. h3 a4 20. Be3 Qb4 21. Rb1
axb3 22. axb3 Ned7 23. f3 f5 24. Bd3 Nxd3 25. Qxd3 Nc5 26. Qd2 fxe4 27. fxe4
Nxe4 28. Nxe4 Qxd2 29. Bxd2 Bxd4+ 30. Kh1 Re6 31. Ng5 Rxe1+ 32. Rxe1 Ra1 33.
Rxa1 Bxa1 34. Ne4 Be5 35. Bb4 c5 36. Ba5 Bf5 37. Nd2 Kf7 38. Kg1 Bg3 39. b4 Bf4
40. bxc5 Be3+ 41. Kf1 Bd3+ 42. Ke1 dxc5 43. Bb6 Ke6 44. Nb3 Kd6 45. Na5 Bd4 46.
Nb3 Bc3+ 47. Kf2 Bxc4 48. Bxc5+ Kd5 0-1

[Event "10. Lichtenberger Sommer"]
[Site "Berlin"]
[Date "2011.08.14"]
[Round "3.8"]
[White "Kirchhof, Arno"]
[Black "Bruedigam, Martin"]
[Result "0-1"]
[WhiteElo "2048"]
[BlackElo "2322"]
[PlyCount "134"]
[EventDate "2011.??.??"]
[WhiteTeam "SC Zugzwang 95 e.V."]
[BlackTeam "USV Potsdam e.V., Abt. Schach"]

1. d4 Nf6 2. c4 c5 3. d5 e6 4. Nc3 exd5 5. cxd5 d6 6. e4 g6 7. Nf3 Bg7 8. Be2
O-O 9. O-O a6 10. a4 Re8 11. Nd2 Nbd7 12. Qc2 Rb8 13. a5 Qc7 14. Ra3 Ra8 15.
Nc4 b5 16. axb6 Nxb6 17. Bf4 Nxc4 18. Bxc4 Nh5 19. Be3 f5 20. exf5 Bxf5 21. Qd2
Nf6 22. Rfa1 Ne4 23. Nxe4 Rxe4 24. Bd3 Rb4 25. Bxf5 gxf5 26. Rxa6 Rxa6 27. Rxa6
Rxb2 28. Ra8+ Rb8 29. Rxb8+ Qxb8 30. g3 Qb1+ 31. Kg2 c4 32. Qa5 Qe4+ 33. Kg1
Qb1+ 34. Kg2 Qb8 35. Bd2 Qe8 36. Be3 h6 37. Qd2 Qg6 38. Bd4 Bxd4 39. Qxd4 Qg4
40. Qd2 Qe4+ 41. f3 Qe5 42. Kf2 Kg7 43. Kf1 Kg6 44. Kf2 Kg7 45. Kf1 Kg6 46. Kf2
Kg7 47. Kf1 Kh7 48. Kf2 Kg6 49. h4 Kg7 50. Kg2 Kh7 51. Kf2 Kg6 52. Kg2 c3 53.
Qd3 Qe1 54. h5+ Kg5 55. f4+ Kf6 56. Qd4+ Kf7 57. Qa7+ Qe7 58. Qa5 Qe2+ 59. Kg1
Qe3+ 60. Kg2 Qc5 61. Qa8 c2 62. Qb7+ Ke8 63. Qb8+ Kd7 64. Qb7+ Qc7 65. Qb5+ Kd8
66. Qb2 c1=Q 67. Qh8+ Kd7 0-1

[Event "10. Lichtenberger Sommer"]
[Site "Berlin"]
[Date "2011.08.14"]
[Round "3.9"]
[White "Bruchmann, Stephan"]
[Black "Elsing, Jan"]
[Result "1-0"]
[WhiteElo "2304"]
[BlackElo "2124"]
[PlyCount "69"]
[EventDate "2011.??.??"]
[WhiteTeam "SC Rotation Pankow e.V."]
[BlackTeam "SC Friesen Lichtenberg e.V."]

1. e4 Nf6 2. Nc3 d5 3. e5 Ne4 4. Nce2 Nc5 5. d4 Ne6 6. Nf3 c5 7. c3 Nc6 8. Be3
c4 9. b3 Na5 10. Nd2 b5 11. g3 g6 12. Bg2 Bb7 13. O-O h5 14. Rb1 Bc6 15. Bh3
Bd7 16. bxc4 bxc4 17. Qc2 Ng7 18. Bg2 e6 19. Nf3 Be7 20. h4 Nf5 21. Bg5 O-O 22.
Bh3 Bxg5 23. Nxg5 Nc6 24. Bxf5 exf5 25. Nf4 Be8 26. Qe2 Ne7 27. Nxh5 Kh8 28.
Nf6 Bc6 29. Nfh7 Kg7 30. Nxf8 Qxf8 31. f4 Re8 32. h5 Qh8 33. hxg6 Kxg6 34. Kg2
Qh5 35. Qf2 1-0

[Event "10. Lichtenberger Sommer"]
[Site "Berlin"]
[Date "2011.08.14"]
[Round "3.10"]
[White "Sabrowski, Uwe"]
[Black "Oberhofer, Andre"]
[Result "1/2-1/2"]
[WhiteElo "2099"]
[BlackElo "2308"]
[PlyCount "81"]
[EventDate "2011.??.??"]
[WhiteTeam "SC Friesen Lichtenberg e.V."]
[BlackTeam "Saarbrücker Gambit 89 e.V."]

1. d4 d5 2. c4 e6 3. Nc3 Nf6 4. Bg5 Be7 5. e3 O-O 6. Nf3 Nbd7 7. cxd5 exd5 8.
Qc2 c6 9. Bd3 Re8 10. O-O h6 11. Bh4 Bd6 12. Rab1 Nb6 13. Rbe1 Be6 14. Nd2
Bxh2+ 15. Kh1 Bd6 16. f4 Be7 17. f5 Bd7 18. Qd1 Nh7 19. Bxe7 Qxe7 20. Nf3 Rad8
21. Qe2 Bc8 22. Qf2 Nd7 23. e4 dxe4 24. Rxe4 Qd6 25. Rh4 Ndf6 26. Ne5 Ng5 27.
Bc4 b5 28. Bb3 Re7 29. a3 Kf8 30. Qg3 a5 31. Qh2 b4 32. axb4 axb4 33. Rxh6 bxc3
34. Rxf6 Kg8 35. Rxd6 Rxd6 36. bxc3 Rh6 37. Qxh6 gxh6 38. Nxc6 Re3 39. Bd5 Rxc3
40. Ne7+ Kf8 41. Nxc8 1/2-1/2

[Event "10. Lichtenberger Sommer"]
[Site "Berlin"]
[Date "2011.08.14"]
[Round "3.11"]
[White "Meissner, Felix"]
[Black "Hahlbohm, Matthias"]
[Result "1-0"]
[WhiteElo "2268"]
[BlackElo "2075"]
[PlyCount "111"]
[EventDate "2011.??.??"]
[WhiteTeam "Hamburger SK von 1830 eV"]
[BlackTeam "TSG Oberschöneweide e.V."]

1. e4 c5 2. Nf3 d6 3. d4 cxd4 4. Nxd4 Nf6 5. f3 Nc6 6. c4 g6 7. Nc2 Bg7 8. Nc3
Be6 9. Be3 Rc8 10. Qd2 a6 11. Nd5 Bxd5 12. cxd5 Ne5 13. Na3 O-O 14. Be2 b5 15.
O-O Qd7 16. Rac1 Qb7 17. Rxc8 Rxc8 18. Rc1 Ned7 19. Rxc8+ Qxc8 20. Qc2 Qd8 21.
b4 Nb8 22. Nb1 Nfd7 23. Nd2 Nb6 24. Nb3 e6 25. dxe6 fxe6 26. Nd4 Bxd4 27. Bxd4
e5 28. Bf2 Qc8 29. Qxc8+ Nxc8 30. Bd1 Kg7 31. Kf1 g5 32. a3 Kf6 33. Ke2 Ne7 34.
Bb3 Nd7 35. Kd3 h5 36. g3 Nf8 37. Be3 Nd7 38. Kc3 h4 39. a4 hxg3 40. hxg3 Nf8
41. axb5 axb5 42. Bb6 Ne6 43. Be3 Nf8 44. Ba2 Nd7 45. Ba7 Nc6 46. Bf2 Ne7 47.
Bb1 d5 48. Bd3 g4 49. Bxb5 Ke6 50. Bxd7+ Kxd7 51. fxg4 dxe4 52. Kc4 Ke6 53. g5
Nd5 54. Kc5 e3 55. Be1 e4 56. g6 1-0

[Event "10. Lichtenberger Sommer"]
[Site "Berlin"]
[Date "2011.08.14"]
[Round "3.12"]
[White "Muskewitz, Bernd"]
[Black "Reichenbach, Werner"]
[Result "0-1"]
[WhiteElo "1998"]
[BlackElo "2313"]
[PlyCount "48"]
[EventDate "2011.??.??"]
[WhiteTeam "TSG Oberschöneweide e.V."]
[BlackTeam "Schachclub Oberkrämer"]

1. d4 Nf6 2. g3 g6 3. Bg2 c5 4. e3 Bg7 5. b3 cxd4 6. exd4 Nc6 7. Bb2 d5 8. Ne2
O-O 9. O-O e6 10. Nd2 b6 11. Rc1 Ba6 12. Re1 Rc8 13. c3 Re8 14. Nf4 Bh6 15. Ne2
e5 16. Ra1 Bxe2 17. Rxe2 exd4 18. cxd4 Rxe2 19. Qxe2 Nb4 20. f4 Rc2 21. a3 Rxb2
22. axb4 Ne4 23. Bxe4 dxe4 24. Qe3 Bg7 0-1

[Event "10. Lichtenberger Sommer"]
[Site "Berlin"]
[Date "2011.08.14"]
[Round "3.13"]
[White "Sevian, Armen"]
[Black "Major, Vitalij"]
[Result "1-0"]
[WhiteElo "2208"]
[BlackElo "2112"]
[PlyCount "91"]
[EventDate "2011.??.??"]
[WhiteTeam "vereinslos"]
[BlackTeam "SC Zitadelle Spandau 1977 e.V."]

1. d4 Nf6 2. c4 e6 3. Nc3 d5 4. cxd5 exd5 5. Bg5 Be7 6. e3 O-O 7. Bd3 c6 8. Qc2
Nbd7 9. Nf3 Re8 10. O-O h6 11. Bf4 a6 12. h3 c5 13. dxc5 Nxc5 14. Rfd1 Be6 15.
Rac1 Rc8 16. Qe2 b5 17. a3 Qb6 18. Nd4 Nce4 19. Na2 Rc5 20. f3 Rxc1 21. Rxc1
Nc5 22. Bb1 Bd7 23. b4 Ne6 24. Be5 Nxd4 25. Bxd4 Qd6 26. Nc3 Rc8 27. Rd1 Be6
28. e4 Qg3 29. exd5 Nxd5 30. Nxd5 Bxd5 31. Be5 Bxf3 32. Bxg3 Bxe2 33. Re1 Rc3
34. Rxe2 Rxg3 35. Rxe7 Kf8 36. Ra7 Rxa3 37. Be4 Ra4 38. Bd5 f6 39. Rf7+ Ke8 40.
Rxg7 Rxb4 41. Ra7 Ra4 42. Bb7 Ra1+ 43. Kf2 Ra2+ 44. Ke3 b4 45. Rxa6 b3 46. Rb6
1-0

[Event "10. Lichtenberger Sommer"]
[Site "Berlin"]
[Date "2011.08.14"]
[Round "3.14"]
[White "Foerster, Jonas"]
[Black "Krajewski, Wolfgang"]
[Result "1-0"]
[WhiteElo "2230"]
[BlackElo "2095"]
[PlyCount "79"]
[EventDate "2011.??.??"]
[WhiteTeam "SSC Rostock 07"]
[BlackTeam "SK Zehlendorf e.V."]

1. d4 d5 2. c4 c6 3. Nf3 Nf6 4. Nc3 a6 5. e3 b5 6. c5 Bg4 7. h3 Bxf3 8. Qxf3
Qc7 9. g4 e5 10. g5 e4 11. Qg2 Ng8 12. Be2 Nd7 13. Bd2 Ne7 14. O-O-O f5 15. f4
h5 16. gxh6 Rxh6 17. h4 O-O-O 18. a4 Nf6 19. axb5 cxb5 20. h5 Neg8 21. Kb1 Rh8
22. Qf1 Nh6 23. c6 Qb6 24. Rc1 Nhg4 25. c7 Rd7 26. Qe1 Bd6 27. Na2 Bxc7 28. Nb4
Rd6 29. Bxg4 fxg4 30. Nd3 Rc6 31. Rxc6 Qxc6 32. Ne5 Qe6 33. Ba5 Bxa5 34. Qxa5
Kb7 35. Rc1 Qb6 36. Qb4 Re8 37. Rc6 Qd8 38. Qa3 a5 39. Qc5 b4 40. Qb5+ 1-0

[Event "10. Lichtenberger Sommer"]
[Site "Berlin"]
[Date "2011.08.14"]
[Round "3.15"]
[White "Kohler, Thomas"]
[Black "Krefenstein, Sergej"]
[Result "1/2-1/2"]
[WhiteElo "2255"]
[BlackElo "2031"]
[PlyCount "66"]
[EventDate "2011.??.??"]
[WhiteTeam "SC Zitadelle Spandau 1977 e.V."]
[BlackTeam "TuS Makkabi Berlin e.V."]

1. c4 c5 2. g3 Nf6 3. Bg2 e6 4. Nf3 Be7 5. O-O O-O 6. Nc3 d6 7. d4 cxd4 8. Nxd4
a6 9. b3 Qc7 10. Bb2 Nbd7 11. Rc1 Rb8 12. e3 Ne5 13. f4 Nc6 14. Nd5 exd5 15.
cxd5 Nxd5 16. Bxd5 Bd7 17. Qf3 Rbc8 18. Rc4 Qa5 19. Qg2 Nxd4 20. Bxd4 b5 21.
Rxc8 Rxc8 22. Qb2 Bf8 23. b4 Qc7 24. Qb3 Bh3 25. Re1 Qd7 26. Qb1 Bf5 27. e4 Be6
28. Rc1 Bxd5 29. exd5 Re8 30. Qd3 Qg4 31. Kf2 Qh3 32. Kg1 Qg4 33. Kf2 Qh3
1/2-1/2

[Event "10. Lichtenberger Sommer"]
[Site "Berlin"]
[Date "2011.08.14"]
[Round "3.16"]
[White "Mai, Andreas"]
[Black "Weber, Dirk"]
[Result "0-1"]
[WhiteElo "1943"]
[BlackElo "2271"]
[PlyCount "36"]
[EventDate "2011.??.??"]
[WhiteTeam "SC Friesen Lichtenberg e.V."]
[BlackTeam "SV Königsspringer Braunschweig"]

1. e4 c5 2. Nf3 e6 3. Nc3 a6 4. a4 d6 5. Be2 Qc7 6. d3 Nf6 7. O-O Be7 8. Bf4
Nc6 9. h3 b6 10. Bh2 Bb7 11. Qd2 O-O 12. Nd1 Rac8 13. c3 c4 14. Qc2 cxd3 15.
Qxd3 Ne5 16. Nxe5 dxe5 17. Qg3 Nxe4 18. Qxe5 Bd6 0-1

[Event "10. Lichtenberger Sommer"]
[Site "Berlin"]
[Date "2011.08.14"]
[Round "3.17"]
[White "Jahnz, Fabian"]
[Black "Kornrumpf, Joachim"]
[Result "1-0"]
[WhiteElo "2211"]
[BlackElo "2099"]
[PlyCount "119"]
[EventDate "2011.??.??"]
[WhiteTeam "SK König Tegel 1949 e.V."]
[BlackTeam "Preetzer TSV"]

1. e4 c5 2. c3 d6 3. d4 Nd7 4. Nf3 Qc7 5. Bd3 g6 6. O-O Bg7 7. Re1 e6 8. Bf4 a6
9. dxc5 Qxc5 10. Bc2 e5 11. Be3 Qc6 12. Qd2 Ngf6 13. Bh6 O-O 14. Bxg7 Kxg7 15.
Qe2 Nc5 16. a4 b6 17. Nbd2 Bb7 18. g3 Rac8 19. c4 Rfd8 20. b3 Ne6 21. Bd3 Nc5
22. Bc2 Ne6 23. Ra2 Nc5 24. b4 Ne6 25. a5 bxa5 26. Rxa5 Qb6 27. Rb1 Rb8 28.
Raa1 Rdc8 29. Bd3 Nd4 30. Nxd4 Qxd4 31. Nb3 Qb6 32. c5 Qc7 33. cxd6 Qxd6 34.
Nc5 Rc6 35. Bxa6 Bxa6 36. Rxa6 Rxa6 37. Nxa6 Rb6 38. Nc5 Qd4 39. Qb2 Qd6 40.
Qc3 Rb5 41. Qc4 Rb8 42. Na4 h5 43. h4 Qd7 44. Nc5 Qh3 45. Qf1 Qg4 46. Qd3 Qh3
47. Qf3 Qc8 48. Qc3 Qe8 49. Kg2 Rb6 50. Qd3 Rb5 51. Na4 Qb8 52. Qc4 Rb7 53. b5
Nd7 54. b6 Qd6 55. Qd5 Qb8 56. Qc6 Kg8 57. Rd1 Nf8 58. Rd6 Ne6 59. Rd7 Nd8 60.
Rxd8+ 1-0

[Event "10. Lichtenberger Sommer"]
[Site "Berlin"]
[Date "2011.08.14"]
[Round "3.18"]
[White "Schulz, Michael"]
[Black "Mertens, Fridolin"]
[Result "1-0"]
[WhiteElo "2233"]
[BlackElo "1993"]
[PlyCount "127"]
[EventDate "2011.??.??"]
[WhiteTeam "SC Empor Potsdam 1952 e.V."]
[BlackTeam "SG 1871 Löberitz"]

1. d4 Nf6 2. Bg5 e6 3. Nd2 c5 4. e3 h6 5. Bh4 Be7 6. c3 cxd4 7. exd4 d6 8. Ngf3
Nbd7 9. Bd3 a6 10. O-O b5 11. a4 bxa4 12. Rxa4 O-O 13. Qe2 Nb6 14. Ra2 a5 15.
Rfa1 Nbd5 16. Bxf6 Bxf6 17. Qe4 g6 18. c4 Nb6 19. Qf4 Bg7 20. Qg3 d5 21. c5 Nc4
22. b4 Ba6 23. Bxc4 dxc4 24. Rxa5 Bxd4 25. Nxd4 Qxd4 26. Qe3 Qxe3 27. fxe3 c3
28. Nb3 Bb7 29. Rxa8 Rxa8 30. Rxa8+ Bxa8 31. b5 Kf8 32. c6 Ke7 33. Kf2 c2 34.
Ke2 Kd6 35. Kd2 c1=Q+ 36. Kxc1 Kc7 37. Na5 Kb6 38. Nc4+ Kc5 39. c7 Bb7 40. Ne5
Kxb5 41. Nxf7 Kc6 42. Nxh6 Kxc7 43. g3 Kd7 44. Kd2 Bf3 45. Nf7 Ke7 46. Ne5 Be4
47. Kc3 Kf6 48. Kd4 Bd5 49. e4 Bb3 50. Ng4+ Kg7 51. Ke5 Kf7 52. h4 Bd1 53. Nf2
Bb3 54. g4 Bc4 55. Nh3 Be2 56. g5 Bd1 57. Nf4 Bg4 58. Nd3 Be2 59. Kd4 Bd1 60.
Ne5+ Kg7 61. Nc6 Kf7 62. Ke5 Bg4 63. Kd6 Ke8 64. Ne5 1-0

[Event "10. Lichtenberger Sommer"]
[Site "Berlin"]
[Date "2011.08.14"]
[Round "3.19"]
[White "Lagunow, Raphael"]
[Black "Dimitrijeski, Kristian"]
[Result "0-1"]
[WhiteElo "1749"]
[BlackElo "2198"]
[PlyCount "134"]
[EventDate "2011.??.??"]
[WhiteTeam "TuS Makkabi Berlin e.V."]
[BlackTeam "SK König Tegel 1949 e.V."]

1. e4 e5 2. Nf3 Nc6 3. Nc3 Nf6 4. d4 exd4 5. Nxd4 Bb4 6. Nxc6 bxc6 7. Bd3 d6 8.
O-O h6 9. h3 O-O 10. Be3 Re8 11. Qf3 Nd7 12. Qg3 Qf6 13. Ne2 Bc5 14. c3 Bxe3
15. Qxe3 Nc5 16. Bc2 Ba6 17. Rfe1 Bxe2 18. Rxe2 Re7 19. Rae1 Ne6 20. e5 dxe5
21. Qxe5 Qxe5 22. Rxe5 Rd8 23. Bf5 Rd2 24. R1e2 Rxe2 25. Rxe2 Kf8 26. Kf1 Nc5
27. Rxe7 Kxe7 28. b3 Kf6 29. Bc2 Ke5 30. Ke2 f5 31. Ke3 g5 32. g3 Ne6 33. b4
f4+ 34. Kf3 fxg3 35. fxg3 c5 36. bxc5 Nxc5 37. Kg4 Kf6 38. Kh5 Kg7 39. h4 gxh4
40. Kxh4 Nd7 41. Ba4 Ne5 42. Kh5 Nf3 43. Bc6 Ng5 44. Bd5 Nh7 45. Bf3 Nf6+ 46.
Kh4 Kf7 47. Bh5+ Ke6 48. Bg6 Kd5 49. Bd3 c5 50. g4 Ke5 51. Kg3 Ne4+ 52. Kh4
Nxc3 53. Kh5 Kf4 54. Kxh6 Kxg4 55. a3 Kf4 56. Kg6 Ke5 57. Kf7 Kd4 58. Bh7 Ne4
59. Bg6 c4 60. Bh5 Nf2 61. Bg6 Nd3 62. Bh5 c3 63. Bd1 Ne1 64. Ke7 Kc5 65. Kd7
Kb6 66. Kd6 c2 67. Bxc2 Nxc2 0-1

[Event "10. Lichtenberger Sommer"]
[Site "Berlin"]
[Date "2011.08.14"]
[Round "3.20"]
[White "Lerch, Philipp"]
[Black "Kabitzke, Julian"]
[Result "1/2-1/2"]
[WhiteElo "2078"]
[BlackElo "1852"]
[PlyCount "107"]
[EventDate "2011.??.??"]
[WhiteTeam "SK König Tegel 1949 e.V."]
[BlackTeam "USG Chemnitz"]

1. e4 c5 2. Nf3 d6 3. c3 Nf6 4. Be2 Bd7 5. d3 Nc6 6. O-O e6 7. h3 Be7 8. Be3
O-O 9. Nbd2 Qc7 10. d4 Rac8 11. a3 b6 12. Bd3 Rfe8 13. Rc1 Bf8 14. Qc2 g6 15.
b4 Qb8 16. bxc5 dxc5 17. dxc5 Bxc5 18. Bxc5 bxc5 19. Nc4 e5 20. Ne3 Ne7 21. Nc4
Nc6 22. Ne3 Ne7 23. Bc4 Nc6 24. Ng5 Nd8 25. Rb1 Qc7 26. Nd5 Nxd5 27. exd5 Bf5
28. Ne4 Bxe4 29. Qxe4 Nb7 30. Bb5 Nd6 31. Qa4 Nxb5 32. Rxb5 c4 33. Ra5 Re7 34.
Ra6 Qd7 35. Qb4 Qb7 36. Rc6 Rxc6 37. dxc6 Qc7 38. Rd1 Re6 39. Rd7 Qxc6 40. Qb8+
Kg7 41. Qxa7 Rf6 42. Rc7 Qe4 43. Qe3 Qxe3 44. fxe3 Ra6 45. Rxc4 Rxa3 46. Kf2
Kf6 47. Kf3 Ra6 48. Rc7 h5 49. c4 Ke6 50. c5 f5 51. g4 hxg4+ 52. hxg4 Kd5 53.
gxf5 gxf5 54. Rf7 1/2-1/2